PRESCOTT & DUNN'S INDUSTRIAL MICROBIOLOGY (Record no. 16093)

MARC details
000 -LEADER
fixed length control field 00355nam a22001577a 4500
003 - CONTROL NUMBER IDENTIFIER
control field SGT
020 ## - INTERNATIONAL STANDARD BOOK NUMBER
International Standard Book Number 978-81-239-1001-7
082 ## - DEWEY DECIMAL CLASSIFICATION NUMBER
Classification number 616.01
Item number P04R
100 ## - MAIN ENTRY--PERSONAL NAME
Personal name REED, GERALD,Ed.
245 ## - TITLE STATEMENT
Title PRESCOTT & DUNN'S INDUSTRIAL MICROBIOLOGY
250 ## - EDITION STATEMENT
Edition statement 4TH
260 ## - PUBLICATION, DISTRIBUTION, ETC. (IMPRINT)
Place of publication, distribution, etc NEW DELHI
Name of publisher, distributor, etc CBS PUB
Year of Publication 2004
300 ## - PAGE DESCRIPTION
No. of Pages 883
650 ## - SUBJECT ADDED ENTRY--TOPICAL TERM
Topical term or geographic name as entry element PHARMACY
942 ## - ADDED ENTRY ELEMENTS (KOHA)
Source of classification or shelving scheme Dewey Decimal Classification
Koha item type Books
Holdings
Withdrawn status Lost status Source of classification or shelving scheme Damaged status Use restrictions Not for loan Collection code Home library Current library Shelving location Date acquired Vendor Name Cost, normal purchase price SGTU Bill Number Full call number Accession No. (Barcode) Date last seen Bill Date Koha item type
    Dewey Decimal Classification   Restricted Access   PHARMACY SGT FA-FP Library SGT FA-FP Library Reference Book 22/09/2018 AHUJA PUB 695.00 SGTU 10139 616.01 P04R FP3042 22/09/2018 15/09/2018 Books
    Dewey Decimal Classification   Restricted Access   PHARMACY SGT FA-FP Library SGT FA-FP Library Reference Book 22/09/2018 AHUJA PUB 695.00 SGTU 10139 616.01 P04R FP3043 22/09/2018 15/09/2018 Books